| 000 | 00644nam a2200181 i 4500 | ||
|---|---|---|---|
| 001 | 95005 | ||
| 003 | ES-MaACL | ||
| 005 | 20230906181618.0 | ||
| 007 | t| | ||
| 008 | 050519s1972 sp ||||1| spa d | ||
| 100 | 1 |
_aLuis, Carlos María de. _974678 |
|
| 245 | 1 | 4 |
_aLos asturianos y sus cosas _b: desde la Prehistoria a los Reyes Católicos / _ccon texto y dibujos de Carlos María de Luis; prólogo de Manuel F. Avello. |
| 260 |
_aOviedo : _bLa Nueva España, _c1972. |
||
| 300 |
_a242 p., 3 h. : _bil. ; _c22 cm. |
||
| 700 | 1 |
_aFernández Avello, Manuel. _949490 |
|
| 710 | 2 |
_aLa Nueva España. _95464 |
|
| 852 |
_aES-MaACL _jC-47235 _bR.83223 |
||
| 999 |
_c95005 _d95005 |
||